| 000 | 01032nam a22003377a 4500 | ||
|---|---|---|---|
| 001 | 352713 | ||
| 003 | DO-SdBPM | ||
| 005 | 20250711084320.0 | ||
| 007 | ta | ||
| 008 | 931008s1993 sp | |||| ||spa | ||
| 020 | _a8481300217 | ||
| 040 |
_aDO-SdBPM _bspa _cBPMSU _erea |
||
| 041 | 1 | _aspa | |
| 082 | 4 |
_a833.91 _bB691p 1993 _222 |
|
| 100 | 1 |
_aBöll, Heinrich _d1917-1985 _eautor _4 |
|
| 240 | 1 | 4 |
_aDas Brot der frühen Jahre _lEspañol |
| 245 | 1 | 3 |
_aEl pan de los años mozos / _cHeinrich Böll ; traducción Feliu Formosa |
| 260 | _b | ||
| 264 |
_aBarcelona : _bEl periódico, _c1993 |
||
| 300 |
_a95 páginas : _c21 cm |
||
| 336 |
_atexto _btxt _2rdacontent |
||
| 337 |
_asin mediación _bn _2rdamedia |
||
| 338 |
_avolumen _bnc _2rdacarrier |
||
| 490 | 0 |
_aBiblioteca de literatura universal, _v23 |
|
| 590 | _aInventariado, 2025/VM | ||
| 650 | 7 | _aNovela social alemana | |
| 650 | 7 | _aNovela alemana. | |
| 700 | 1 |
_aFormosa, Feliu _d1934- _etraductor |
|
| 910 | _aVMateo V. Control de calidad. BPMSU | ||
| 942 |
_2ddc _cBK |
||
| 999 |
_c8794 _d8794 |
||